000
00323nam a22001337a 4500
008
170629b xxu||||| |||| 00| 0 eng d
020
_a
9780312467548
041
_a
eng
080
_2
2ND
_a
82
100
_a
22
101
_a
GJL
245
_a
THE BEDFORD GLOSSARY OF CRITICAL AND LITERARY TERMS
_c
MURFIN,R
942
_2
udc
_c
BK
999
_c
19462
_d
19462